Statystyki dla Najwieksze morza i zbiorniki wodne

Kliknij tutaj aby rozwiązać quiz!

Ogólne statystyki

  • Ten quiz został rozwiązany 72 razy
  • Średni wynik to 16 z 62

Statystyki odpowiedzi

HintOdpowiedź% Poprawnych
morzeBaltyckie
96%
morzeCzarne
96%
morzeCzerwone
85%
morzeSródziemne
81%
rzekaNil
71%
morzePolnocne
69%
rzekaAmazonka
65%
oceanIndyjski
63%
morzeAtlantycki
62%
morzeKaspijskie
62%
oceanSpokojny
58%
oceanArktyczny
50%
morzeZolte
46%
morzeAdriatyckie
44%
morzeKaraibskie
40%
morzeEgejskie
38%
jezioroWiktorii
38%
morzeArabskie
37%
rzekaJangcy
37%
morzeJaponskie
35%
morzeNorweskie
35%
morzePoludniowochinskie
33%
morzeJonskie
29%
morzeBeringa
27%
morzeKoralowe
25%
morzeWschodniochinskie
25%
jezioroGorne
23%
morzeTasmana
19%
morzeBeauforta
17%
morzeAzowskie
15%
morzeMarmara
15%
rzekaMissisipi
15%
morzeOchockie
15%
morzeTyrrenskie
15%
morzeIrlandzkie
13%
jezioroTanganika
13%
morzeBarentsa
12%
morzeFilipinskie
12%
jezioroHuron
12%
morzeJawajskie
10%
morzeWschodniosyberyjskie
10%
morzeKarskie
8%
morzeCelebes
6%
morzeCzukockie
6%
morzeLaptiewów
6%
morzeAndamanskie
4%
morzeGrenlandzkie
4%
morzeArafura
2%
morzeBanda
2%
morzeLabradorskie
2%
morzeLakkadiwskie
2%
morzeBalijskie
0%
morzeBismarcka
0%
morzeCeramiczne
0%
morzeFlores
0%
morzeHalmahera
0%
jezioroMinchigan
0%
morzeMoluckie
0%
morzeSalomona
0%
morzeSavu
0%
morzeSeto
0%
morzeTimorskie
0%

Rozkład punktacji

Percentyl według liczby udzielonych odpowiedzi

Procent ludzi z każdym wynikiem

Twoja historia wyników

Nie rozwiązałeś tego quizu